| 000 | 00372nam a22001337a 4500 | ||
|---|---|---|---|
| 020 | _a978-1529780987 | ||
| 082 |
_a910.68 _bHOL |
||
| 100 | _aHolloway, J. Chris | ||
| 245 |
_aThe business of Tourism / _cJ. Chris Holloway, Claire Humphreys. |
||
| 250 | _a12th Edition. | ||
| 260 |
_aLOndon: _bSagePublications, _c2022. |
||
| 300 | _axx, 623p. : | ||
| 942 |
_2ddc _cBK |
||
| 999 |
_c613558 _d613558 |
||